Strategic human resource management / (Record no. 2173)

000 -LEADER
fixed length control field 01044cam a22003014a 4500
001 - CONTROL NUMBER
control field 4522741
003 - CONTROL NUMBER IDENTIFIER
control field OSt
005 - DATE AND TIME OF LATEST TRANSACTION
control field 20160623131608.0
008 - FIXED-LENGTH DATA ELEMENTS--GENERAL INFORMATION
fixed length control field 990611s1999 maua b 001 0 eng
010 ## - LIBRARY OF CONGRESS CONTROL NUMBER
LC control number 99036073
020 ## - INTERNATIONAL STANDARD BOOK NUMBER
International Standard Book Number 0631216006 (alk. paper)
020 ## - INTERNATIONAL STANDARD BOOK NUMBER
International Standard Book Number 0631216014 (pbk. : alk. paper)
040 ## - CATALOGING SOURCE
Original cataloging agency DLC
Transcribing agency DLC
Modifying agency DLC
042 ## - AUTHENTICATION CODE
Authentication code pcc
050 00 - LIBRARY OF CONGRESS CALL NUMBER
Classification number HF5549.S8832 1999
082 00 - DEWEY DECIMAL CLASSIFICATION NUMBER
Classification number 658.3/01
Edition number 22
245 00 - TITLE STATEMENT
Title Strategic human resource management /
Statement of responsibility, etc edited by Randall S. Schuler and Susan E. Jackson.
260 ## - PUBLICATION, DISTRIBUTION, ETC. (IMPRINT)
Place of publication, distribution, etc Oxford, UK ;
-- Malden, Mass. :
Name of publisher, distributor, etc Blackwell Publishers,
Date of publication, distribution, etc 1999.
300 ## - PHYSICAL DESCRIPTION
Extent xx, 497 p. :
Other physical details ill. ;
Dimensions 25 cm.
504 ## - BIBLIOGRAPHY, ETC. NOTE
Bibliography, etc Includes bibliographical references and index.
650 #0 - SUBJECT ADDED ENTRY--TOPICAL TERM
Topical term or geographic name as entry element Personnel management.
650 #0 - SUBJECT ADDED ENTRY--TOPICAL TERM
Topical term or geographic name as entry element Strategic planning.
700 1# - ADDED ENTRY--PERSONAL NAME
Personal name Schuler, Randall S.
700 1# - ADDED ENTRY--PERSONAL NAME
Personal name Jackson, Susan E.
906 ## - LOCAL DATA ELEMENT F, LDF (RLIN)
a 7
b cbc
c orignew
d 1
e ocip
f 19
g y-gencatlg
942 ## - ADDED ENTRY ELEMENTS (KOHA)
Source of classification or shelving scheme
Koha item type Book
Holdings
Withdrawn status Lost status Source of classification or shelving scheme Damaged status Not for loan Home library Current library Shelving location Date acquired Total Checkouts Full call number Barcode Date last seen Date checked out Copy number Price effective from Koha item type
          Riara University Library Riara University Library General stack 23/06/2016 5 HF5549.S8832 1999 7178/16 13/12/2024 23/10/2024 C.1 23/06/2016 Book

Riara University Library,
P.O. Box 49940-00100,
Nairobi, Kenya.